000 00534nam a22001697a 4500
003 MACL
005 20160113110825.0
008 160113b xxu||||| |||| 00| 0 eng d
040 _cMACL
041 _aHindi
082 _a001
100 _aसंजय सुमन
_931595
245 _aउपकार सामान्‍य ज्ञान इाइजेस्‍ट
260 _aआगरा
_bउपकार प्रकाशन
_c2014
650 _aसाामान्‍यज्ञान
_931596
942 _2ddc
_cHIN
999 _c52119
_d52119